00419nam a2200133Ia 4500008004100000100002900041245006900070245002900139260006200168260000900230300002400239500000900263650001300272170224s9999 xx 000 0 und d aBarkathunnisha Abu Bakar aTourism and trails: cultural, ecological and management issues  cBarkathunnisha Abu Bakar bJournal of Policy Research in Tourism, Leisure and Events c2016 a8:2, Pages: 231-232 a2016 xTourism.